F1 2020 Grid - Statistics

General Stats
  • This quiz has been taken 96 times
    87 since last reset
  • The average score is 22 of 24
Answer Stats
Team Rounds Driver % Correct
Red Bull All Alexander Albon
99%
McLaren All Carlos Sainz Jr
99%
Mercedes 1-15, 17 Lewis Hamilton
99%
Ferrari All Charles Leclerc
97%
Mercedes 16 George Russell
97%
Williams 1-15, 17 George Russell
97%
McLaren All Lando Norris
97%
Red Bull All Max Verstappen
97%
AlphaTauri All Pierre Gasly
97%
Ferrari All Sebastian Vettel
97%
Mercedes All Valtteri Bottas
97%
Renault All Daniel Ricciardo
96%
Racing Point 1-10, 12-17 Lance Stroll
94%
Renault All Esteban Ocon
93%
Haas 1-15 Romain Grosjean
93%
Racing Point 1-4, 6-17 Sergio Pérez
93%
Haas All Kevin Magnussen
91%
Alfa Romero All Kimi Räikkönen
89%
Williams All Nicholas Latifi
87%
Racing Point 4-5, 11 Nico Hülkenberg
87%
Alfa Romero All Antonio Giovinazzi
84%
AlphaTauri All Daniil Kvyat
83%
Haas 16-17 Pietro Fittipaldi
66%
Williams 16 Jack Aitken
57%
No matching quizzes found
Score Distribution
Percent of People with Each Score
Percentile by Number Answered
Your Score History
You have not taken this quiz since the last reset